000 00848nam a2200265 i 4500
001 13052
003 ES-MaACL
005 20230906150500.0
007 t|
008 960430s1995 sp ||||0| spa j
020 _a84-88341-62-8
040 _aM-BN
_bspa
_cM-BN
080 _a316.752(460)(049.5)
100 1 _aDíaz-Salazar, Rafael.
_944418
245 1 3 _aLa cultura de la solidaridad internacional en España /
_cRafael Díaz-Salazar.
260 _aBarcelona :
_bCristianisme i Justícia,
_cD.L. 1995.
300 _a32 p. ;
_c21 cm.
490 1 _aCristianisme i justícia ;
_v66
650 1 4 _aValores sociales-
_zEspaña-
_vEncuestas.
_917732
650 1 7 _aEncuestas
_9227290
_2embne
830 0 _aCristianisme i justícia ;
_v66
_9179406
852 _aES-MaACL
_j2150-F-18
_bR.124389
942 _2udc
999 _c13052
_d13052